Lord, teach us to pray / (Record no. 8462)
[ view plain ]
| 000 -LEADER | |
|---|---|
| fixed length control field | 00875cam a22003015i 4500 |
| 001 - CONTROL NUMBER | |
| control field | 406520 |
| 003 - CONTROL NUMBER IDENTIFIER | |
| control field | OSt |
| 005 - DATE AND TIME OF LATEST TRANSACTION | |
| control field | 20191101150716.0 |
| 008 - FIXED-LENGTH DATA ELEMENTS--GENERAL INFORMATION | |
| fixed length control field | 970107t19881988pau 000 0 eng d |
| 035 ## - SYSTEM CONTROL NUMBER | |
| System control number | (OCoLC)36167917 |
| 035 ## - SYSTEM CONTROL NUMBER | |
| System control number | (OCoLC)ocm36167917 |
| 035 ## - SYSTEM CONTROL NUMBER | |
| System control number | 406520 |
| 040 ## - CATALOGING SOURCE | |
| Original cataloging agency | PTS |
| Language of cataloging | eng |
| Description conventions | rda |
| Transcribing agency | PTS |
| 100 1# - MAIN ENTRY--PERSONAL NAME | |
| Personal name | Kuhlman, Kathryn. |
| 245 10 - TITLE STATEMENT | |
| Title | Lord, teach us to pray / |
| Statement of responsibility, etc. | by Kathryn Kuhlman |
| 264 #1 - PRODUCTION, PUBLICATION, DISTRIBUTION, MANUFACTURE, AND COPYRIGHT NOTICE | |
| Place of production, publication, distribution, manufacture | Pittsburg, PA : |
| Name of producer, publisher, distributor, manufacturer | Kathryn Kuhlman Foundation, |
| Date of production, publication, distribution, manufacture, or copyright notice | [1988] |
| 264 #4 - PRODUCTION, PUBLICATION, DISTRIBUTION, MANUFACTURE, AND COPYRIGHT NOTICE | |
| Date of production, publication, distribution, manufacture, or copyright notice | �1988 |
| 300 ## - PHYSICAL DESCRIPTION | |
| Extent | 137 pages ; |
| Dimensions | 18 cm |
| 336 ## - CONTENT TYPE | |
| Content type term | text |
| Content type code | txt |
| Source | rdacontent |
| 337 ## - MEDIA TYPE | |
| Media type term | unmediated |
| Media type code | n |
| Source | rdamedia |
| 338 ## - CARRIER TYPE | |
| Carrier type term | volume |
| Carrier type code | nc |
| Source | rdacarrier |
| 505 0# - FORMATTED CONTENTS NOTE | |
| Formatted contents note | Lord's prayer -- John 20:23 -- Person of the Holy Spirit |
| 650 #0 - SUBJECT ADDED ENTRY--TOPICAL TERM | |
| Topical term or geographic name entry element | Prayer. |
| 650 #0 - SUBJECT ADDED ENTRY--TOPICAL TERM | |
| Topical term or geographic name entry element | Prayer |
| General subdivision | Biblical teaching. |
| 710 2# - ADDED ENTRY--CORPORATE NAME | |
| Corporate name or jurisdiction name as entry element | Kathryn Kuhlman Foundation. |
| 942 ## - ADDED ENTRY ELEMENTS (KOHA) | |
| Source of classification or shelving scheme | Dewey Decimal Classification |
| Koha item type | Books |
| 945 ## - LOCAL PROCESSING INFORMATION (OCLC) | |
| a | MARCIVE20181205 |
No items available.
